[Event "Vecindario Montalvo Memorial 14th"]
[Site "Vecindario"]
[Date "2022.09.11"]
[Round "9"]
[White "Almeida Sanchez, Juan Sebastian"]
[Black "Guerra Aleman, Marcial"]
[Result "1-0"]
[WhiteElo "1826"]
[BlackElo "1670"]
[PlyCount "53"]
[EventDate "2022.09.04"]
[EventType "swiss"]
[EventRounds "9"]
[EventCountry "ESP"]
[SourceTitle "CBM 210 Extra"]
[Source "ChessBase"]
[SourceDate "2022.11.30"]
[SourceVersion "1"]
[SourceVersionDate "2022.11.30"]
[SourceQuality "1"]

1. e4 d6 2. f4 e5 3. Nf3 Nc6 4. Nc3 Bg4 5. Bb5 Bd7 6. Bxc6 Bxc6 7. fxe5 dxe5 8. Nxe5 Qg5 9. Nxc6 Qxg2 10. Rf1 bxc6 11. Qh5 0-0-0 12. Qf5+ Kb8 13. Rf2 Qg1+ 14. Ke2 Nh6 15. Qf3 Qg4 16. d3 Qxf3+ 17. Kxf3 Ng8 18. Be3 Be7 19. Ne2 g5 20. a4 h5 21. Kg2 Nh6 22. Bd4 Rhg8 23. Raf1 Kb7 24. Kh1 Rde8 25. Ng3 h4 26. Nf5 Nxf5 27. Rxf5 1-0

[Event "Vecindario Montalvo Memorial 14th"]
[Site "Vecindario"]
[Date "2022.09.07"]
[Round "5"]
[White "Almeida Sanchez, Juan Sebastian"]
[Black "Blanco Garcia Bajo, David"]
[Result "1/2-1/2"]
[WhiteElo "1826"]
[BlackElo "1446"]
[PlyCount "93"]
[EventDate "2022.09.04"]
[EventType "swiss"]
[EventRounds "9"]
[EventCountry "ESP"]
[SourceTitle "CBM 210 Extra"]
[Source "ChessBase"]
[SourceDate "2022.11.30"]
[SourceVersion "1"]
[SourceVersionDate "2022.11.30"]
[SourceQuality "1"]

1. b3 f5 2. Bb2 Nf6 3. Nf3 g6 4. c4 Bg7 5. e3 d6 6. d4 0-0 7. Nc3 Nc6 8. Be2 a6 9. h4 Qe8 10. Ng5 h6 11. Nh3 e5 12. d5 Ne7 13. Qd2 Ne4 14. Nxe4 fxe4 15. g4 h5 16. Ng5 hxg4 17. Ne6 Bxe6 18. dxe6 Nf5 19. Bxg4 Qxe6 20. 0-0-0 b5 21. Be2 c6 22. Rdg1 Kf7 23. h5 gxh5 24. Bxh5+ Ke7 25. Bg4 Rg8 26. Rh5 Raf8 27. Rg5 Bh6 28. Bxf5 Rxg5 29. Rxg5 Rxf5 30. Rxf5 Qxf5 31. cxb5 cxb5 32. Ba3 Qc8+ 33. Kd1 Qg4+ 34. Kc2 Qc8+ 35. Kb2 Qc6 36. Bb4 Bg7 37. Qd1 Bf6 38. Qh5 Ke6 39. Qg4+ Kf7 40. Qh5+ Ke6 41. Qg6 d5 42. Qg4+ Kf7 43. Qh5+ Kg7 44. Qg4+ Kf7 45. Qh5+ Kg7 46. Qg4+ Kf7 47. Qh5+ 1/2-1/2

[Event "Gran Canaria Cabildo Cup"]
[Site "Gran Canaria"]
[Date "2022.04.14"]
[Round "6"]
[White "Almeida Cubas, Mirella"]
[Black "Almeida Sanchez, Juan Sebastian"]
[Result "0-1"]
[WhiteElo "1656"]
[BlackElo "1813"]
[PlyCount "52"]
[EventDate "2022.04.10"]
[EventType "swiss"]
[EventRounds "7"]
[EventCountry "ESP"]
[SourceTitle "CBM 207 Extra"]
[Source "ChessBase"]
[SourceDate "2022.05.31"]
[SourceVersion "1"]
[SourceVersionDate "2022.05.31"]
[SourceQuality "1"]

1. Nf3 d5 2. c4 d4 3. d3 Nc6 4. g3 e5 5. Bg2 Be7 6. 0-0 Be6 7. e3 dxe3 8. fxe3 Qd7 9. Qb3 Rb8 10. a3 h5 11. Rd1 Bg4 12. Qc2 h4 13. b4 hxg3 14. hxg3 Rd8 15. b5 Qf5 16. bxc6 Bxf3 17. Rf1 e4 18. dxe4 Qe5 19. Bb2 Qxg3 20. Rxf3 Qh2+ 21. Kf1 Rh6 22. cxb7 Rg6 23. e5 Rd1+ 24. Qxd1 Qxg2+ 25. Ke1 Bh4+ 26. Rg3 Bxg3# 0-1

[Event "Gran Canaria Cabildo Cup"]
[Site "Gran Canaria"]
[Date "2022.04.10"]
[Round "1"]
[White "Almeida Sanchez, Juan Sebastian"]
[Black "Diaz Hernandez, Juan Jose"]
[Result "1-0"]
[WhiteElo "1813"]
[BlackElo "1022"]
[PlyCount "77"]
[EventDate "2022.04.10"]
[EventType "swiss"]
[EventRounds "7"]
[EventCountry "ESP"]
[SourceTitle "CBM 207 Extra"]
[Source "ChessBase"]
[SourceDate "2022.05.31"]
[SourceVersion "1"]
[SourceVersionDate "2022.05.31"]
[SourceQuality "1"]

1. e4 Nc6 2. d4 e5 3. d5 Nb4 4. a3 Na6 5. c4 Nc5 6. Nc3 Nf6 7. Qc2 d6 8. b4 Na6 9. Bd3 Bg4 10. f3 Bh5 11. Be3 Be7 12. Nge2 Nd7 13. 0-0 g5 14. Ng3 Bg6 15. Nf5 Bf6 16. Rac1 h6 17. Rfd1 h5 18. Be2 g4 19. c5 Bxf5 20. exf5 Nab8 21. cxd6 cxd6 22. Nb5 Na6 23. Nxd6+ Ke7 24. Nxb7 Qg8 25. d6+ Kf8 26. Bxa6 gxf3 27. Nc5 Nxc5 28. Bxc5 Kg7 29. Bb7 Rb8 30. Bxf3 Rc8 31. Qe4 Qh7 32. d7 Rc7 33. Bf8+ Rxf8 34. Rxc7 Rd8 35. Rc8 Qg8 36. Bxh5 Qf8 37. Qg4+ Kh8 38. Qh3 Rxc8 39. Bg6+ 1-0

[Event "Las Palmas Insular-chT Honor 1718"]
[Site "Las Palmas"]
[Date "2018.02.24"]
[Round "8.4"]
[White "Leon Manas, Jose Francisco"]
[Black "Almeida Sanchez, Juan Sebastian"]
[Result "0-1"]
[WhiteElo "1663"]
[BlackElo "1830"]
[PlyCount "46"]
[EventDate "2017.10.28"]
[EventType "team-tourn"]
[EventRounds "9"]
[EventCountry "ESP"]
[SourceTitle "EXT 2021"]
[Source "ChessBase"]
[SourceDate "2020.10.23"]
[SourceVersion "1"]
[SourceVersionDate "2020.10.23"]
[SourceQuality "1"]
[WhiteTeam "Anand"]
[BlackTeam "Hotel Avda de Canarias"]
[WhiteTeamCountry "ESP"]
[BlackTeamCountry "ESP"]

1. b4 c6 2. Bb2 a5 3. a3 d5 4. e3 Nd7 5. Nf3 Qc7 6. b5 e5 7. c4 Ngf6 8. Nc3 Be7 9. Rc1 Qb8 10. cxd5 cxd5 11. Qb3 Nb6 12. Ne2 Bd6 13. Ng3 0-0 14. Qc2 h6 15. Nf5 Bxf5 16. Qxf5 Nbd7 17. d4 g6 18. Qh3 e4 19. Qxh6 Rc8 20. Ng5 Rxc1+ 21. Bxc1 Qc7 22. Kd2 Rc8 23. Be2 Qc3+ 0-1

[Event "Las Palmas Insular-chT Pref 1617"]
[Site "Las Palmas"]
[Date "2016.11.19"]
[Round "5.4"]
[White "Roca Marrero, Jose Miguel"]
[Black "Almeida Sanchez, Juan Sebastian"]
[Result "0-1"]
[WhiteElo "1569"]
[BlackElo "1843"]
[PlyCount "106"]
[EventDate "2016.10.22"]
[EventType "team-tourn"]
[EventRounds "14"]
[EventCountry "ESP"]
[SourceTitle "EXT 2018"]
[Source "ChessBase"]
[SourceDate "2017.10.13"]
[SourceVersion "1"]
[SourceVersionDate "2017.10.13"]
[SourceQuality "1"]
[WhiteTeam "Anand"]
[BlackTeam "Hotel Avda de Canarias"]
[WhiteTeamCountry "ESP"]
[BlackTeamCountry "ESP"]

1. e4 e5 2. Nf3 Nc6 3. Bc4 Bc5 4. c3 Nf6 5. d4 exd4 6. cxd4 Bb4+ 7. Nc3 Nxe4 8. 0-0 Bxc3 9. bxc3 0-0 10. Qc2 d5 11. Re1 Bf5 12. Bd3 Bg6 13. Nd2 Nxf2 14. Kxf2 Nxd4 15. cxd4 Qh4+ 16. Kf1 Qxd4 17. Bxg6 fxg6+ 18. Nf3 Qxa1 19. Ba3 Rxf3+ 20. gxf3 Qf6 21. Qb3 c6 22. Bb2 Qf7 23. Qa3 c5 24. Re5 b6 25. Qe3 d4 26. Qe4 Rf8 27. Ke2 Qxa2 28. Qd5+ Qxd5 29. Rxd5 Re8+ 30. Kf2 Re7 31. Bc1 h6 32. h4 Kf7 33. Bf4 a5 34. Rd6 Rb7 35. Rc6 a4 36. Bc1 g5 37. hxg5 hxg5 38. Ba3 Ke7 39. Rg6 Kd8 40. Rxg5 Rd7 41. Re5 d3 42. Ke1 Kc7 43. Kd2 Kc6 44. f4 Kb5 45. Re4 g6 46. Bb2 Rd5 47. Bc3 a3 48. Re5 Kc4 49. Re4+ Kb3 50. Re6 b5 51. Re1 a2 52. Ba1 b4 53. Rc1 c4 0-1

[Event "Las Palmas Insular-chT Pref"]
[Site "Las Palmas "]
[Date "2015.12.12"]
[Round "6.4"]
[White "Padron Pulido, Pedro Gabino"]
[Black "Almeida Sanchez, Juan Sebastian"]
[Result "1-0"]
[WhiteElo "2012"]
[BlackElo "1845"]
[PlyCount "45"]
[EventDate "2015.10.17"]
[EventType "team-tourn"]
[EventRounds "14"]
[EventCountry "ESP"]
[SourceTitle "CBM 170 Extra"]
[Source "ChessBase"]
[SourceDate "2016.02.25"]
[SourceVersion "1"]
[SourceVersionDate "2016.02.25"]
[SourceQuality "1"]
[WhiteTeam "Tres W"]
[BlackTeam "Hotel Avda de Canarias"]
[WhiteTeamCountry "ESP"]
[BlackTeamCountry "ESP"]

1. e4 e5 2. d4 exd4 3. c3 d3 4. Bxd3 Nc6 5. Nf3 d6 6. h3 Nf6 7. 0-0 h6 8. Be3 Be6 9. Nd4 Nxd4 10. cxd4 g6 11. Nc3 Bg7 12. Qd2 g5 13. f4 g4 14. f5 Bd7 15. e5 Nh5 16. e6 Bc6 17. d5 gxh3 18. exf7+ Kxf7 19. f6 Bxf6 20. dxc6 d5 21. Nxd5 bxc6 22. Rxf6+ Nxf6 23. Nxf6 1-0

[Event "Las Palmas Insular-chT Pref"]
[Site "Las Palmas"]
[Date "2015.03.07"]
[Round "9.4"]
[White "Also Alvarado, Luis"]
[Black "Almeida Sanchez, Juan Sebastian"]
[Result "0-1"]
[WhiteElo "2142"]
[BlackElo "1865"]
[PlyCount "77"]
[EventDate "2014.11.22"]
[EventType "team-tourn"]
[EventRounds "14"]
[EventCountry "ESP"]
[SourceTitle "EXT 2016"]
[Source "ChessBase"]
[SourceDate "2015.10.08"]
[SourceVersion "1"]
[SourceVersionDate "2015.10.08"]
[SourceQuality "1"]
[WhiteTeam "Tres W"]
[BlackTeam "La Caja de Vecindario"]
[WhiteTeamCountry "ESP"]
[BlackTeamCountry "ESP"]

1. d4 d5 2. Nf3 Nc6 3. Bf4 Nf6 4. e3 Nh5 5. Bb5 Nxf4 6. exf4 Qd6 7. 0-0 Bg4 8. Nbd2 a6 9. Bxc6+ bxc6 10. h3 h5 11. c4 Qxf4 12. Qb3 Rd8 13. Qb7 Rh6 14. Rfe1 Bc8 15. Qb3 f6 16. Re3 g5 17. Rae1 h4 18. cxd5 cxd5 19. Qa4+ Bd7 20. Qxa6 g4 21. hxg4 Qxg4 22. Qe2 Rh7 23. Nh2 Qg6 24. Qd3 Bf5 25. Qb5+ Rd7 26. Qe2 Bh6 27. Ra3 Rg7 28. g3 hxg3 29. Rxg3 Qf7 30. Kh1 Rxg3 31. fxg3 Qg6 32. g4 Bd3 33. Qf2 Rd6 34. Ndf3 Be4 35. Kg1 Rc6 36. Re2 Bf4 37. Qh4 Rc1+ 38. Kf2 Rh1 39. Kg2 0-1

[Event "Las Palmas Insular-chT Pref"]
[Site "Las Palmas"]
[Date "2015.02.28"]
[Round "8.4"]
[White "Almeida Sanchez, Juan Sebastian"]
[Black "Diaz Suarez, Cayetano"]
[Result "1/2-1/2"]
[WhiteElo "1865"]
[BlackElo "1867"]
[PlyCount "77"]
[EventDate "2014.11.22"]
[EventType "team-tourn"]
[EventRounds "14"]
[EventCountry "ESP"]
[SourceTitle "EXT 2016"]
[Source "ChessBase"]
[SourceDate "2015.10.08"]
[SourceVersion "1"]
[SourceVersionDate "2015.10.08"]
[SourceQuality "1"]
[WhiteTeam "La Caja de Vecindario"]
[BlackTeam "Guia Univac"]
[WhiteTeamCountry "ESP"]
[BlackTeamCountry "ESP"]

1. e4 d6 2. d4 Nf6 3. f3 g6 4. Be3 Bg7 5. Nc3 c6 6. Nge2 0-0 7. Qd2 e5 8. 0-0-0 Qa5 9. Kb1 Na6 10. Bh6 b5 11. Bxg7 Kxg7 12. Nc1 Be6 13. g4 Rab8 14. h4 h5 15. gxh5 Nxh5 16. Rg1 Rh8 17. dxe5 dxe5 18. Qd6 b4 19. Nd5 cxd5 20. exd5 Rbd8 21. Qxe5+ Nf6 22. Bxa6 Rxd5 23. Rxd5 Bxd5 24. Bc4 Rxh4 25. Bxd5 Qxd5 26. Qg3 Rd4 27. Nd3 a5 28. Qf2 a4 29. Qe3 b3 30. axb3 axb3 31. Rh1 Kg8 32. Re1 Nh5 33. Rh1 Qd8 34. Nf2 Ng3 35. Re1 bxc2+ 36. Kxc2 Rc4+ 37. Kb1 Rc8 38. Ng4 Nh5 39. Ne5 1/2-1/2

[Event "Las Palmas Insular-chT Pref-B"]
[Site "Las Palmas"]
[Date "2015.01.17"]
[Round "4.3"]
[White "Almeida Sanchez, Juan Sebastian"]
[Black "Navarro Cabrera, Agustin"]
[Result "0-1"]
[WhiteElo "1865"]
[BlackElo "1802"]
[PlyCount "96"]
[EventDate "2014.11.22"]
[EventType "team-tourn"]
[EventRounds "14"]
[EventCountry "ESP"]
[SourceTitle "EXT 2016"]
[Source "ChessBase"]
[SourceDate "2015.10.08"]
[SourceVersion "1"]
[SourceVersionDate "2015.10.08"]
[SourceQuality "1"]
[WhiteTeam "La Caja de Vecindario II"]
[BlackTeam "La Caja de Canarias II"]
[WhiteTeamCountry "ESP"]
[BlackTeamCountry "ESP"]

1. e4 Nf6 2. d3 e5 3. f4 d6 4. Nf3 Nc6 5. Nc3 Be7 6. h3 exf4 7. Bxf4 Nh5 8. Qd2 Nxf4 9. Qxf4 Bf6 10. Be2 Be6 11. a3 Nd4 12. Nxd4 Bxd4 13. Nd1 Be5 14. Qf2 Qg5 15. g4 c5 16. c3 Bf4 17. 0-0 Be5 18. h4 Qg6 19. Ne3 Bf6 20. Ng2 h6 21. Nf4 Qh7 22. e5 Bxh4 23. Qxh4 g5 24. Qh5 gxf4 25. exd6 Rg8 26. Kf2 Rg5 27. Qh1 f6 28. Rfe1 Rd8 29. Bf3 Rxd6 30. Be4 Qg7 31. Bf5 Rxf5 32. gxf5 Qg3+ 33. Kf1 Qxd3+ 34. Kg1 Qxf5 35. Qf3 Kf8 36. Rad1 Bd5 37. Qf2 b6 38. Qh2 Rd7 39. Qxh6+ Rg7+ 40. Kf2 Qc2+ 41. Re2 Qxd1 42. Qxf6+ Bf7 43. Kf3 Qf1+ 44. Rf2 Rg3+ 45. Ke4 Qxf2 46. Qh8+ Rg8 47. Qh6+ Rg7 48. Qd6+ Kg8 0-1

[Event "Las Palmas Insular-chT Pref-B"]
[Site "Las Palmas"]
[Date "2014.12.13"]
[Round "2.2"]
[White "Almeida Sanchez, Juan Sebastian"]
[Black "Fernandez de la Hoz A, Carlos"]
[Result "1-0"]
[WhiteElo "1865"]
[BlackElo "1754"]
[PlyCount "60"]
[EventDate "2014.11.22"]
[EventType "team-tourn"]
[EventRounds "14"]
[EventCountry "ESP"]
[SourceTitle "EXT 2016"]
[Source "ChessBase"]
[SourceDate "2015.10.08"]
[SourceVersion "1"]
[SourceVersionDate "2015.10.08"]
[SourceQuality "1"]
[WhiteTeam "La Caja de Vecindario II"]
[BlackTeam "El Patio Casa Museo"]
[WhiteTeamCountry "ESP"]
[BlackTeamCountry "ESP"]

1. e4 g6 2. d4 Bg7 3. c4 c5 4. d5 d6 5. Nc3 Nf6 6. h3 b5 7. cxb5 a6 8. bxa6 0-0 9. g3 Nxa6 10. Nge2 Nb4 11. Bg2 Ba6 12. 0-0 Nd3 13. Qc2 Nd7 14. a3 Qc7 15. Rd1 c4 16. Be3 N7c5 17. Rab1 Nb3 18. Na2 Nbc5 19. Nd4 Rab8 20. Nc6 Rb7 21. Nab4 Bb5 22. Bxc5 dxc5 23. Nxd3 cxd3 24. Qxc5 Ba4 25. b3 Bb5 26. a4 Ba6 27. b4 Be5 28. b5 Bd6 29. Qc4 Qb6 30. Rxd3 Bxg3 1-0

[Event "Gran Canaria Vecindario op 1st"]
[Site "Gran Canaria"]
[Date "2013.08.04"]
[Round "4"]
[White "Antonini, Roberto"]
[Black "Almeida Sanchez, Juan Sebastian"]
[Result "0-1"]
[WhiteElo "1595"]
[BlackElo "1875"]
[PlyCount "78"]
[EventDate "2013.08.01"]
[EventType "swiss"]
[EventRounds "7"]
[EventCountry "ESP"]
[SourceTitle "EXT 2015"]
[Source "ChessBase"]
[SourceDate "2014.11.20"]
[SourceVersion "1"]
[SourceVersionDate "2014.11.20"]
[SourceQuality "1"]

1. e4 e5 2. Nf3 Nc6 3. Bb5 a5 4. Bxc6 dxc6 5. 0-0 Bg4 6. Nc3 Qf6 7. d3 Bd6 8. Bg5 Qg6 9. Bh4 Qh5 10. Bg3 f6 11. h3 Bxf3 12. Qxf3 Qxf3 13. gxf3 g5 14. Ne2 0-0-0 15. Rfd1 Ne7 16. c3 h5 17. a3 Rdg8 18. Kf1 g4 19. fxg4 hxg4 20. hxg4 Rxg4 21. Ng1 f5 22. exf5 Nxf5 23. Ne2 Rf8 24. Ke1 Re8 25. Kd2 b5 26. Rg1 Kb7 27. Rae1 b4 28. axb4 axb4 29. Kc2 c5 30. c4 e4 31. b3 Bxg3 32. fxg3 exd3+ 33. Kxd3 Re3+ 34. Kc2 Rge4 35. Kd2 Rxb3 36. g4 Nh4 37. Ref1 Rb2+ 38. Kd3 Rexe2 39. g5 Rbd2# 0-1

[Event "Las Palmas Insular-chT Pref"]
[Site "Las Palmas"]
[Date "2013.02.02"]
[Round "8.4"]
[White "Ortega Hernandez, Carmelo"]
[Black "Almeida Sanchez, Juan Sebastian"]
[Result "1/2-1/2"]
[WhiteElo "1771"]
[BlackElo "1848"]
[PlyCount "54"]
[EventDate "2012.11.10"]
[EventType "team-tourn"]
[EventRounds "14"]
[EventCountry "ESP"]
[SourceTitle "EXT 2014"]
[Source "ChessBase"]
[SourceDate "2013.11.20"]
[SourceVersion "1"]
[SourceVersionDate "2013.11.20"]
[SourceQuality "1"]
[WhiteTeam "Panaderia Pulido San Mateo"]
[BlackTeam "Canarias de Vecindario"]
[WhiteTeamCountry "ESP"]
[BlackTeamCountry "ESP"]

1. f4 d5 2. Nf3 c5 3. e3 Nf6 4. Bb5+ Nc6 5. 0-0 Bg4 6. h3 Bd7 7. c4 a6 8. Bxc6 Bxc6 9. Ne5 Qc7 10. b3 e6 11. Bb2 dxc4 12. bxc4 Rd8 13. f5 Be4 14. fxe6 fxe6 15. Qa4+ Bc6 16. Nxc6 Qxc6 17. Qxc6+ bxc6 18. Rxf6 gxf6 19. Bxf6 Rg8 20. Bxd8 Bg7 21. Nc3 Bxc3 22. dxc3 Kxd8 23. Rb1 Kc7 24. Rf1 Rg7 25. Rf4 Kd6 26. Kf2 Rb7 27. Kg3 Rg7+ 1/2-1/2

[Event "Las Palmas Insular-chT Primera-B"]
[Site "Las Palmas"]
[Date "2013.01.12"]
[Round "5.2"]
[White "Monteiro Rodrigues, Carlos"]
[Black "Almeida Sanchez, Juan Sebastian"]
[Result "0-1"]
[WhiteElo "1562"]
[BlackElo "1848"]
[PlyCount "48"]
[EventDate "2012.11.10"]
[EventType "team-tourn"]
[EventRounds "14"]
[EventCountry "ESP"]
[SourceTitle "EXT 2014"]
[Source "ChessBase"]
[SourceDate "2013.11.20"]
[SourceVersion "1"]
[SourceVersionDate "2013.11.20"]
[SourceQuality "1"]
[WhiteTeam "La Bagacera "]
[BlackTeam "Canarias de Vecindario "]
[WhiteTeamCountry "ESP"]
[BlackTeamCountry "ESP"]

1. e4 e5 2. Nf3 f5 3. Nc3 Nc6 4. d3 Nf6 5. Bg5 Bb4 6. a3 Bxc3+ 7. bxc3 0-0 8. Nd2 h6 9. Be3 f4 10. Bc5 d6 11. Bb4 a5 12. Be2 axb4 13. axb4 Rxa1 14. Qxa1 Qe8 15. h3 Be6 16. Bf3 Ne7 17. Ke2 c6 18. Nf1 d5 19. Nd2 Qd7 20. Qa5 Ng6 21. h4 Bg4 22. h5 Ne7 23. Rh4 dxe4 24. dxe4 Rd8 0-1

[Event "Las Palmas Insular-chT Primera-A"]
[Site "Las Palmas"]
[Date "2012.11.17"]
[Round "2.1"]
[White "Sarmiento Afonso, Santiago"]
[Black "Almeida Sanchez, Juan Sebastian"]
[Result "1-0"]
[WhiteElo "2141"]
[BlackElo "1848"]
[PlyCount "24"]
[EventDate "2012.11.10"]
[EventType "team-tourn"]
[EventRounds "14"]
[EventCountry "ESP"]
[SourceTitle "EXT 2014"]
[Source "ChessBase"]
[SourceDate "2013.11.20"]
[SourceVersion "1"]
[SourceVersionDate "2013.11.20"]
[SourceQuality "1"]
[WhiteTeam "Piscolabis Oleaje San Andres"]
[BlackTeam "Canarias de Vecindario"]
[WhiteTeamCountry "ESP"]
[BlackTeamCountry "ESP"]

1. e4 e5 2. Nf3 f5 3. Bc4 fxe4 4. Nxe5 Qg5 5. Bf7+ Ke7 6. Qh5 Qxg2 7. Bxg8 g6 8. Qh4+ g5 9. Qh5 Qxh1+ 10. Ke2 c6 11. Qxg5+ Kd6 12. Nf7+ Kc7 1-0

[Event "Gran Canaria Vecinos op 3rd"]
[Site "Gran Canaria"]
[Date "2012.08.21"]
[Round "6"]
[White "Almeida Sanchez, Juan Sebastian"]
[Black "Suarez Fleitas, Alberto"]
[Result "1-0"]
[WhiteElo "1849"]
[BlackElo "1423"]
[PlyCount "49"]
[EventDate "2012.08.13"]
[EventType "swiss"]
[EventRounds "7"]
[EventCountry "ESP"]
[SourceTitle "CBM 150 Extra"]
[Source "ChessBase"]
[SourceDate "2012.10.19"]
[SourceVersion "1"]
[SourceVersionDate "2012.10.19"]
[SourceQuality "1"]

1. e4 d5 2. e5 c5 3. d4 cxd4 4. Qxd4 Nc6 5. Bb5 e6 6. Nf3 Bd7 7. Bxc6 bxc6 8. 0-0 Ne7 9. a4 Ng6 10. a5 c5 11. Qg4 Be7 12. Re1 0-0 13. g3 c4 14. h4 f5 15. Qh3 f4 16. h5 fxg3 17. hxg6 gxf2+ 18. Kh2 hxg6 19. Rf1 Rf5 20. Kg2 Bc5 21. Qg4 Be8 22. Bf4 Qe7 23. Ng5 Qf8 24. Kg3 Rxg5 25. Qxg5 1-0

[Event "Las Palmas Insular-chT Primera-A"]
[Site "Las Palmas"]
[Date "2012.02.25"]
[Round "10.1"]
[White "Alonso Valiente, Alexis"]
[Black "Almeida Sanchez, Juan Sebastian"]
[Result "0-1"]
[WhiteElo "2059"]
[BlackElo "1854"]
[PlyCount "106"]
[EventDate "2011.11.12"]
[EventType "team-tourn"]
[EventRounds "14"]
[EventCountry "ESP"]
[SourceTitle "EXT 2013"]
[Source "ChessBase"]
[SourceDate "2012.11.22"]
[SourceVersion "1"]
[SourceVersionDate "2012.11.22"]
[SourceQuality "1"]
[WhiteTeam "Claudio Mendoza"]
[BlackTeam "Canarias de Vecindario"]
[WhiteTeamCountry "ESP"]
[BlackTeamCountry "ESP"]

1. d4 d5 2. Nf3 Nc6 3. Bf4 Nf6 4. h3 Bf5 5. c3 e6 6. Nbd2 Bd6 7. Ne5 Bxe5 8. dxe5 Nd7 9. Nf3 Be4 10. Nd2 Bg6 11. Nf3 h6 12. e3 Ne7 13. Nd4 a6 14. Bd3 Bxd3 15. Qxd3 c5 16. Nf3 Ng6 17. Bh2 Qc7 18. c4 Qa5+ 19. Ke2 Nb6 20. cxd5 Nxd5 21. Nd2 0-0 22. Nc4 Qc7 23. Rhd1 b5 24. Nd6 Rad8 25. a4 c4 26. Qe4 c3 27. Rac1 b4 28. h4 Qc6 29. h5 Qxa4 30. bxc3 Qb3 31. cxb4 Qb2+ 32. Qc2 Nc3+ 33. Ke1 Nxd1 34. Qxb2 Nxb2 35. hxg6 Nd3+ 36. Kd2 Nxc1 37. Kxc1 fxg6 38. f4 Rb8 39. b5 axb5 40. Bg3 b4 41. Kb2 b3 42. Be1 g5 43. g3 g4 44. e4 Kh7 45. Ba5 g6 46. Bd2 Rb6 47. Ba5 Ra6 48. Bc3 Rb8 49. f5 Ra2+ 50. Kb1 gxf5 51. exf5 exf5 52. e6 Re2 53. Nxf5 Rf8 0-1

[Event "Vecindario op 1st"]
[Site "Vecindario"]
[Date "2011.12.30"]
[Round "4"]
[White "Almeida Sanchez, Juan Sebastian"]
[Black "Gonzalez Acosta, Pablo"]
[Result "1-0"]
[WhiteElo "1854"]
[BlackElo "1950"]
[PlyCount "71"]
[EventDate "2011.12.27"]
[EventType "swiss"]
[EventRounds "7"]
[EventCountry "ESP"]
[SourceTitle "CBM 146 Extra"]
[Source "ChessBase"]
[SourceDate "2012.02.29"]
[SourceVersion "1"]
[SourceVersionDate "2012.02.29"]
[SourceQuality "1"]

1. e4 c5 2. Nc3 d6 3. d3 Nf6 4. g3 Nc6 5. h3 g6 6. Bg2 Bg7 7. Be3 0-0 8. Qd2 a6 9. Nf3 d5 10. exd5 Nxd5 11. Bxc5 Qa5 12. d4 Nxc3 13. Qxc3 Qxc3+ 14. bxc3 Re8 15. 0-0 Bf5 16. Ne1 Rab8 17. f4 Na5 18. Nd3 Nc4 19. Rfe1 Bf8 20. g4 Bd7 21. Ne5 Nxe5 22. Rxe5 e6 23. Bxf8 Kxf8 24. c4 b6 25. Rb1 f6 26. Re3 Rec8 27. Bf1 Kf7 28. Reb3 b5 29. c5 Bc6 30. a4 Rd8 31. c3 Be4 32. R1b2 e5 33. fxe5 fxe5 34. axb5 axb5 35. Bxb5 exd4 36. Bc4+ 1-0

[Event "Las Palmas Insular-chT Pref"]
[Site "Las Palmas"]
[Date "2011.12.17"]
[Round "4.4"]
[White "Ramirez Medina, Victor"]
[Black "Almeida Sanchez, Juan Sebastian"]
[Result "1/2-1/2"]
[WhiteElo "1853"]
[BlackElo "1854"]
[PlyCount "89"]
[EventDate "2011.11.12"]
[EventType "team-tourn"]
[EventRounds "14"]
[EventCountry "ESP"]
[SourceTitle "EXT 2013"]
[Source "ChessBase"]
[SourceDate "2012.11.22"]
[SourceVersion "1"]
[SourceVersionDate "2012.11.22"]
[SourceQuality "1"]
[WhiteTeam "Piscolabis Oleaje San Andres"]
[BlackTeam "Canarias Vecindario"]
[WhiteTeamCountry "ESP"]
[BlackTeamCountry "ESP"]

1. e4 e5 2. Nf3 f5 3. Nxe5 Qf6 4. d4 d6 5. Nc4 fxe4 6. Nc3 Qg6 7. Be3 Nf6 8. Qd2 c6 9. a4 Be7 10. Bf4 Nh5 11. Be2 Nxf4 12. Qxf4 Rf8 13. Qg3 Qh6 14. Nxe4 Rf4 15. Qe3 Kd8 16. g3 Rxe4 17. Qxe4 d5 18. Qe3 dxc4 19. Qxh6 gxh6 20. Bxc4 Bf5 21. 0-0-0 Nd7 22. Rhe1 Nb6 23. Bb3 Bf6 24. c3 Nd5 25. f4 Rb8 26. Bc2 Bxc2 27. Kxc2 b5 28. axb5 Rxb5 29. Re6 Kd7 30. Rde1 a5 31. c4 Nb4+ 32. Kd2 Rf5 33. b3 Bxd4 34. Re7+ Kd6 35. R1e2 Kc5 36. Rxh7 Na2 37. h4 Kb4 38. Kc2 a4 39. bxa4 Kxc4 40. Re6 Nb4+ 41. Kd2 Bc3+ 42. Ke2 Rd5 43. Rb7 Rd2+ 44. Kf3 Rd3+ 45. Re3 1/2-1/2

[Event "Las Palmas-chT"]
[Site "Las Palmas"]
[Date "2011.03.12"]
[Round "8.4"]
[White "Almeida Sanchez, Juan Sebastian"]
[Black "Galvan Sarmiento, Jose Luis"]
[Result "1-0"]
[WhiteElo "1884"]
[BlackElo "1997"]
[PlyCount "81"]
[EventDate "2011.01.15"]
[EventType "team-swiss"]
[EventRounds "14"]
[EventCountry "ESP"]
[SourceTitle "EXT 2012"]
[Source "ChessBase"]
[SourceDate "2011.11.24"]
[SourceVersion "1"]
[SourceVersionDate "2011.11.24"]
[SourceQuality "1"]
[WhiteTeam "La Caja de Vecindario"]
[BlackTeam "Villa de Teror"]
[WhiteTeamCountry "ESP"]
[BlackTeamCountry "ESP"]

1. e4 e6 2. Nc3 d5 3. g3 Nf6 4. Bg2 c5 5. d3 h6 6. e5 Nfd7 7. Qe2 Nc6 8. f4 a6 9. Nf3 b5 10. 0-0 Be7 11. Bd2 Qc7 12. Rae1 Bb7 13. a3 0-0-0 14. Na2 Rhg8 15. c4 Nb6 16. cxb5 axb5 17. Nc3 Ba6 18. Ra1 Kb8 19. Rfc1 g5 20. a4 bxa4 21. Nxa4 Nxa4 22. Rxa4 Bb5 23. Ra3 g4 24. Ne1 Qb6 25. Be3 Nb4 26. Rca1 Bc6 27. Nc2 Qb5 28. Nxb4 Qxb4 29. Qc2 Qb6 30. Ra6 Qb5 31. R1a3 Bb7 32. R6a5 Qb4 33. Bf2 Rc8 34. R5a4 Qb5 35. Rb3 Qc6 36. Ra1 h5 37. Qd2 Kc7 38. Rc1 Kd7 39. Rbc3 Qb5 40. Qc2 Rc7 41. Bxc5 1-0